| 000 | 02240cam a22005898i 4500 | ||
|---|---|---|---|
| 001 | 21906232 | ||
| 005 | 20210809132958.0 | ||
| 008 | 210216t20212021nyu j 000 1 eng | ||
| 010 | _a 2021006629 | ||
| 020 |
_a9781338764017 _q(hardcover) |
||
| 020 |
_z9781338764024 _q(ebook) |
||
| 040 |
_aNJQ/DLC _beng _erda _cDLC |
||
| 042 |
_alcac _apcc |
||
| 050 | 0 | 0 |
_aPZ8.3.B568 _bPh 2021 |
| 082 | 0 | 4 |
_a823.92 _aE _223 |
| 092 | _aE Blabey | ||
| 100 | 1 |
_aBlabey, Aaron, _eauthor, _eillustrator. _95775418 |
|
| 245 | 1 | 0 |
_aPig the monster / _cAaron Blabey. |
| 250 | _a[First American edition]. | ||
| 263 | _a2108 | ||
| 264 | 1 |
_aNew York : _bScholastic Press, _c2021. |
|
| 264 | 4 | _c©2021 | |
| 300 | _a1 volume (unpaged) : color illustrations ; 26 cm. | ||
| 336 | _atext | ||
| 336 | _astill image | ||
| 337 | _aunmediated | ||
| 338 | _avolume | ||
| 520 | _aPig is the world's greediest pug, and on Halloween he is completely out of control, thinking up nasty tricks to play on people who do not give him the treats he thinks he deserves and never sharing with Trevor the sausage dog--until too much chocolate makes him really sick and he finally learns the error of his ways (again). | ||
| 521 |
_aAges 3-5. _bScholastic Press. |
||
| 521 |
_aGrades K-1. _bScholastic Press. |
||
| 650 | 0 |
_aPug _vJuvenile fiction. _95708281 |
|
| 650 | 0 |
_aDachshunds _vJuvenile fiction. _95721362 |
|
| 650 | 0 |
_aDogs _vJuvenile fiction. _95674840 |
|
| 650 | 0 |
_aHalloween _vJuvenile fiction. |
|
| 650 | 0 |
_aGluttony _vJuvenile fiction. _96423656 |
|
| 650 | 0 |
_aSharing _vJuvenile fiction. _95676214 |
|
| 650 | 0 | _aStories in rhyme. | |
| 650 | 0 | _aHumorous stories. | |
| 650 | 1 |
_aStories in rhyme. _96423657 |
|
| 650 | 1 |
_aPug _vFiction. _95708283 |
|
| 650 | 1 |
_aDogs _vFiction. _95674795 |
|
| 650 | 1 |
_aHalloween _vFiction. _95684667 |
|
| 650 | 1 |
_aGreed _vFiction. _95702134 |
|
| 650 | 1 |
_aSharing _vFiction. _95678537 |
|
| 650 | 1 |
_aHumorous stories. _96423658 |
|
| 655 | 7 |
_aStories in rhyme. _2lcgft |
|
| 655 | 7 |
_aHumorous fiction. _2lcgft |
|
| 655 | 7 |
_aPicture books. _2lcgft |
|
| 906 |
_a7 _bcbc _corignew _d1 _eecip _f20 _gy-gencatlg |
||
| 942 |
_2ddc _cBOOK |
||
| 999 |
_c363556 _d363556 |
||